| 000 | 00612nam a2200265Ia 4500 | ||
|---|---|---|---|
| 008 | 210210b2012 xxu||||| |||| 00| 0 eng d | ||
| 020 | _a817824358X | ||
| 041 | _aeng | ||
| 082 | _a305.56 NAGF | ||
| 100 | _aNAGARAJ (D R) | ||
| 245 |
_aFlaming feet and other essays _bDalit movement in India |
||
| 260 |
_aRanikhet _bPermanent Black _c2012 |
||
| 300 | _axxviii,254 | ||
| 650 | _aother | ||
| 650 | _amovement | ||
| 650 | _aIndia | ||
| 650 | _ain | ||
| 650 | _aFlaming | ||
| 650 | _afeet | ||
| 650 | _aessays | ||
| 650 | _aDalit | ||
| 650 | _aand | ||
| 690 | _aSocial Classes | ||
| 906 | _a067430 | ||
| 999 |
_c150158 _d150158 |
||